Представление документа в формате MARC21

Поле Инд. ПП Название Значение
Тип записи a
Библиографический уровень a
001 Контрольный номер RU/IS/BASE/262109631
005 Дата корректировки 20240621113358.5
084 a Индекс другой классификации/Индекс ББК 60.0; 60.03; 86.210.1
090 00 a Полочн. индекс 87.3(2)521-564я43
x Авторский знак Ч-12
100 10 a Автор Розанов В. В.
q Полное имя Розанов Василий Васильевич
245 00 a Заглавие Чаадаев и кн. Одоевский
600 14 a Персоналии Одоевский Владимир Федорович
a Персоналии Чаадаев Петр Яковлевич
650 04 a Основная рубрика социальная философия
a Основная рубрика философия
a Основная рубрика философия истории
653 00 a Ключевые слова "Русские ночи"
a Ключевые слова "Философические письма"
a Ключевые слова XIX век
a Ключевые слова исторический процесс
a Ключевые слова история философии
a Ключевые слова мировоззрение
a Ключевые слова новое время
a Ключевые слова нравственность
a Ключевые слова рассуждения
a Ключевые слова религиозная философия
a Ключевые слова религиозные идеи
a Ключевые слова Россия
a Ключевые слова русская мысль
a Ключевые слова смысл жизни
a Ключевые слова социальное общество
a Ключевые слова философская мысль
a Ключевые слова философские споры
a Ключевые слова философы
a Ключевые слова христианство
a Ключевые слова экономические взгляды
773 00 d Дата издания источника Санкт-Петербург, 1998
g Прочая информация С. 360-369
t Заглавие источника П. Я. Чаадаев: pro et contra
w Контрольный № источника RU/IS/BASE/102083933
901 t Тип документа a